NFL 200 Yards Receiving in a Game - Statistics

General Stats
  • This quiz has been taken 272 times
    79 since last reset
  • The average score is 66 of 98
Answer Stats
Year Team Yards Player % Correct
2023 DAL 227 CeeDee Lamb
100%
2024 CIN 264 Ja'Marr Chase
100%
2021 CIN 266 Ja'Marr Chase
100%
2021 CIN 201 Ja'Marr Chase
100%
2017 PIT 213 Antonio Brown
99%
2015 PIT 284 Antonio Brown
99%
2023 MIA 215 Tyreek Hill
99%
2020 KC 269 Tyreek Hill
99%
2018 KC 215 Tyreek Hill
99%
2023 CLE 265 Amari Cooper
97%
2019 DAL 226 Amari Cooper
97%
2018 DAL 217 Amari Cooper
97%
2017 OAK 210 Amari Cooper
97%
2021 GB 208 Davante Adams
97%
2017 ATL 253 Julio Jones
97%
2016 ATL 300 Julio Jones
97%
2014 ATL 259 Julio Jones
97%
2022 MIN 223 Justin Jefferson
97%
2023 LAC 215 Keenan Allen
97%
2016 DET 205 Marvin Jones
97%
2019 LAR 220 Cooper Kupp
94%
2014 DEN 226 Demaryius Thomas
94%
2011* DEN 204 Demaryius Thomas
94%
2018 NO 211 Michael Thomas
94%
2013 HOU 229 Andre Johnson
93%
2012 HOU 273 Andre Johnson
93%
2008 HOU 207 Andre Johnson
93%
2013 DET 329 Calvin Johnson
93%
2012 DET 225 Calvin Johnson
93%
2012 DET 207 Calvin Johnson
93%
2011* DET 211 Calvin Johnson
93%
2011 DET 244 Calvin Johnson
93%
2011 DET 214 Calvin Johnson
93%
2007 CIN 209 Chad Johnson
93%
2006 CIN 260 Chad Johnson
93%
2023 CHI 230 D.J. Moore
91%
2017 HOU 224 DeAndre Hopkins
90%
2014 HOU 238 DeAndre Hopkins
90%
2024 CLE 235 Jerry Jeudy
90%
2016 NYG 222 Odell Beckham Jr.
87%
2015 CIN 227 A.J. Green
86%
2014 CIN 224 A.J. Green
86%
2006 BUF 265 Lee Evans
86%
2014 TB 209 Mike Evans
86%
2020 SEA 200 Tyler Lockett
84%
2000 JAX 291 Jimmy Smith
83%
2005* CAR 218 Steve Smith
83%
2005 CAR 201 Steve Smith
83%
2021 BUF 201 Gabriel Davis
75%
2014 IND 223 T.Y. Hilton
72%
2013* IND 224 T.Y. Hilton
72%
2008 TB 200 Antonio Bryant
70%
2012 DAL 224 Dez Bryant
70%
2018 SF 210 George Kittle
70%
2014 GB 209 Jordy Nelson
68%
2012 IND 212 Reggie Wayne
68%
2010 IND 200 Reggie Wayne
68%
2004* IND 221 Reggie Wayne
68%
2016 MIN 202 Adam Thielen
67%
2009 DEN 200 Brandon Marshall
67%
2011 NE 217 Wes Welker
67%
2013 CLE 261 Josh Gordon
61%
2013 CLE 237 Josh Gordon
61%
2010 PHI 210 DeSean Jackson
59%
2012 TB 216 Vincent Jackson
59%
2010 CIN 222 Terrell Owens
58%
2008 DAL 213 Terrell Owens
58%
2000 SF 283 Terrell Owens
58%
2009 MIN 201 Sidney Rice
57%
2010 ATL 201 Roddy White
46%
2009 ATL 210 Roddy White
46%
2013 CHI 249 Alshon Jeffery
43%
2013 CHI 218 Alshon Jeffery
43%
2003 STL 200 Torry Holt
43%
2001 STL 203 Torry Holt
43%
2020 LV 200 Darren Waller
42%
2013 SF 208 Anquan Boldin
39%
2003 ARI 217 Anquan Boldin
39%
2019 HOU 217 Will Fuller
36%
2005 NYG 204 Plaxico Burress
33%
2002 NYG 253 Plaxico Burress
33%
2002 DEN 214 Shannon Sharpe
32%
2014 NYJ 224 Eric Decker
28%
2007 DET 204 Roy Williams
28%
2002 NYG 204 Amani Toomer
23%
2009 DAL 250 Miles Austin
20%
2004 GB 200 Javon Walker
19%
2012 MIA 253 Brian Hartline
14%
2012 JAX 236 Justin Blackmon
13%
2004 TEN 233 Drew Bennett
12%
2007 PHI 221 Kevin Curtis
12%
2010 SD 213 Malcolm Floyd
12%
2015 PIT 201 Markus Wheaton
12%
2010 TEN 225 Kenny Britt
10%
2005 MIA 238 Chris Chambers
9%
2001 WAS 208 Rod Gardner
6%
2000 WAS 211 Albert Connell
4%
2009 DEN 213 Jabar Gaffney
4%
No matching quizzes found
Score Distribution
Percent of People with Each Score
Percentile by Number Answered
Your Score History
You have not taken this quiz since the last reset